| 000 | 00785nam a2200229 a 4500 | ||
|---|---|---|---|
| 001 | 000019210 | ||
| 005 | 20200929165942.0 | ||
| 008 | 100528s1986 sp r 000 p spa d | ||
| 020 | _a8400063414 | ||
| 040 |
_aDO-SdBNP _bspa _cBNPHU |
||
| 082 |
_a861.44 _bM764t |
||
| 100 | 1 |
_aMontaner Frutos, Alberto, _d1963- _941332 |
|
| 245 | 1 | 0 |
_aTras sus doradas huellas / _cAlberto Montaner Frutos. |
| 260 |
_aZaragoza, España : _bInstitución Fernando el Católico, _c1986. |
||
| 300 |
_a55 p. ; _c25 cm. |
||
| 490 | 1 |
_aColección San Jorge ; _vno. 48 |
|
| 500 | _aIncluye referencia biográfica del autor en la solapa | ||
| 650 | 4 |
_aPoesía española _ySIGLO XX _99197 |
|
| 650 | 4 |
_aLiteratura española _ySIGLO XX _93326 |
|
| 830 | 0 |
_aColección San Jorge ; _nno. 48 _941333 |
|
| 049 | _aBNGR | ||
| 999 |
_c18728 _d18728 |
||